|
|
|
|
| LEADER |
00782nam a2200229 a 4500 |
| 001 |
000219516 |
| 003 |
CZ BrMZK |
| 005 |
19970107143423.0 |
| 008 |
970107s1997 xr f cze d |
| 020 |
|
|
|a 80-902377-0-3
|
| 040 |
|
|
|a BOA001
|b cze
|
| 080 |
|
|
|a 398.8:084.1(02.053.2)
|2 MRF
|
| 080 |
|
|
|a 084.1(02.053.2):398.8
|2 MRF
|
| 100 |
1 |
|
|a Rychlíková, Eva,
|d 1934-
|7 jk01103315
|4 ill
|
| 245 |
1 |
0 |
|a Písničky pro nejmenší /
|c [ilustrovala Eva Rychlíková].
|
| 260 |
|
|
|a Ústí nad Labem :
|b Vat,
|c c1997
|
| 300 |
|
|
|a [10] s. :
|b il. ;
|c 16 cm
|
| 653 |
0 |
|
|a české lidové písně
|
| 910 |
|
|
|a BOA001
|b PK-A-0021.323
|
| 964 |
|
|
|a Písně lidové české
|x leporela
|
| 990 |
|
|
|a BK
|
| 996 |
7 |
|
|b 3119008985
|c PK-A-0021.323
|l MZK
|r Sklad / do 1 hodiny
|n 3
|p kup
|w 000219516
|u 000010
|a 1
|e BOA001
|j MZK50
|s A
|